Music Quiz

Random Music or Song Quiz

A-Z Kpop songs from group pictures Quiz Stats

Quiz not verified by Sporcle

Challenge
Share
Tweet
Score 0/26 Timer 15:00
0 Plays Today
% Correct
Crayon- GD
74.5%
Baddest Female- CL
70.2%
Hot Pink- EXID
67.2%
Monster- EXO
67.2%
Gee- Girl's Generation
66%
Shake It- Sistar
65.1%
Jackpot- Block B
63%
Exodus- EXO
59.6%
Dumb Dumb- Red Velvet
57.9%
A Few Years Later- Block B
57.4%
Rain- Taeyeon
57.4%
View- SHINee
57.4%
Zutter- GD and T.O.P
56.6%
% Correct
Falling In Love- 2NE1
54.5%
I Got A Boy- Girl's Generation
52.3%
Young Forever- BTS
51.9%
Let's Not Fall In Love- BIGBANG
46.8%
Queen- History
43.4%
Nillili Mambo- Block B
41.7%
The Boys- Girl's Generation
34.5%
U & I- Ailee
34%
On my own- Amber
25.5%
X- f(x)
19.1%
Kiss Kiss- Ladies Code
17.9%
Pick Me Up- Produce 101
9.4%
What Do I Do- Tiffany
6%

You're not logged in!

Compare scores with friends on all Sporcle quizzes.
Sign Up with Email
OR
Log In

You Might Also Like...

Show Comments

Extras

Top Quizzes Today


Score Distribution

Your Account Isn't Verified!

In order to create a playlist on Sporcle, you need to verify the email address you used during registration. Go to your Sporcle Settings to finish the process.